Dolovanie relevantných lingvistických súhrnov štatistickými metódami a metódami výpočtovej inteligencie diplomová práca

Na minha lista:
Detalhes bibliográficos
Autor principal: Klimáček, Branislav
Autor Corporativo: Fakulta hospodárskej informatiky EU. Katedra aplikovanej informatiky
Outros Autores: Hudec, Miroslav, 1969-
Formato: Livro
Idioma:eslovaco
Publicado em: Bratislava 2025
Tags: Adicionar Tag
Sem tags, seja o primeiro a adicionar uma tag!

MARC

LEADER 00000nbm a2200000 4500
001 0310674
005 20251121124717.7
041 0 |a slo 
044 |a SK 
245 1 0 |a Dolovanie relevantných lingvistických súhrnov štatistickými metódami a metódami výpočtovej inteligencie  |b diplomová práca  |c Branislav Klimáček ; školiteľ: Miroslav Hudec 
264 1 |a Bratislava  |c 2025 
300 |a 59 s. 
100 1 |a Klimáček, Branislav 
700 1 |a Hudec, Miroslav, 1969- 
710 2 |a Fakulta hospodárskej informatiky EU. Katedra aplikovanej informatiky